<?xml version="1.0" encoding="UTF-8"?>
<record
    xmlns:xsi="http://www.w3.org/2001/XMLSchema-instance"
    xsi:schemaLocation="http://www.loc.gov/MARC21/slim http://www.loc.gov/standards/marcxml/schema/MARC21slim.xsd"
    xmlns="http://www.loc.gov/MARC21/slim">

  <leader>02675njm a2200469Ia 4500</leader>
  <controlfield tag="001">27447</controlfield>
  <controlfield tag="003">IT-RoPAU</controlfield>
  <controlfield tag="005">20220918181157.0</controlfield>
  <controlfield tag="008">131025s9999    xx            000 0 und d</controlfield>
  <datafield tag="040" ind1=" " ind2=" ">
    <subfield code="a">IT-RoPAU</subfield>
  </datafield>
  <datafield tag="040" ind1=" " ind2=" ">
    <subfield code="c">IT-RoPAU</subfield>
  </datafield>
  <datafield tag="999" ind1=" " ind2=" ">
    <subfield code="c">102633</subfield>
    <subfield code="d">102633</subfield>
  </datafield>
  <datafield tag="999" ind1=" " ind2=" ">
    <subfield code="b">n.d.</subfield>
  </datafield>
  <datafield tag="100" ind1=" " ind2=" ">
    <subfield code="a">AA.VV.</subfield>
    <subfield code="9">794</subfield>
  </datafield>
  <datafield tag="100" ind1=" " ind2=" ">
    <subfield code="e">Autore musica</subfield>
    <subfield code="9">18086</subfield>
  </datafield>
  <datafield tag="100" ind1=" " ind2=" ">
    <subfield code="g">Codice autore musica SPICS: 12000</subfield>
    <subfield code="9">796</subfield>
  </datafield>
  <datafield tag="245" ind1=" " ind2=" ">
    <subfield code="a">Joseph Montzel e la sua orchestra (2)</subfield>
  </datafield>
  <datafield tag="250" ind1=" " ind2=" ">
    <subfield code="a">1a ed.</subfield>
  </datafield>
  <datafield tag="260" ind1=" " ind2=" ">
    <subfield code="a">ROMA</subfield>
  </datafield>
  <datafield tag="260" ind1=" " ind2=" ">
    <subfield code="b">SIBILLA</subfield>
  </datafield>
  <datafield tag="300" ind1=" " ind2=" ">
    <subfield code="a">DISCO</subfield>
  </datafield>
  <datafield tag="300" ind1=" " ind2=" ">
    <subfield code="c">34 minuti (Testo:  pag.)</subfield>
  </datafield>
  <datafield tag="500" ind1=" " ind2=" ">
    <subfield code="a">Musica strumentale</subfield>
  </datafield>
  <datafield tag="505" ind1=" " ind2=" ">
    <subfield code="a">Special Dixie (3:00) - L'ultima foglia (4:00) - Solo lei (4:00) - Plin plun plan (3:00) - Fiori di campo (3:00) - Allegro motivetto (2:00) - Perch&#xE9; ho lasciato l'altra (4:00) - Capita sempre cos&#xEC; (3:00) - Luci sul lago (3:00) - Restami vicino (3:00) - No tengo nada (4:00) - Ho tanto freddo (3:00)</subfield>
  </datafield>
  <datafield tag="511" ind1=" " ind2=" ">
    <subfield code="a">Joseph Montel e la sua Orchestra</subfield>
  </datafield>
  <datafield tag="650" ind1=" " ind2=" ">
    <subfield code="a">STRUMENTALE [DISCHI]</subfield>
    <subfield code="e">Codice MATERIA SPICS: 9950</subfield>
    <subfield code="9">828</subfield>
  </datafield>
  <datafield tag="700" ind1=" " ind2=" ">
    <subfield code="a">Montzel Joseph</subfield>
    <subfield code="g">Codice interprete SPICS: 11029</subfield>
    <subfield code="e">Interprete</subfield>
    <subfield code="9">18087</subfield>
  </datafield>
  <datafield tag="700" ind1=" " ind2=" ">
    <subfield code="a">Monti Elvio</subfield>
    <subfield code="g">Codice autore musica SPICS: 11030</subfield>
    <subfield code="e">Autore musica</subfield>
    <subfield code="p">Special Dixie - Solo lei - Capita sempre cos&#xEC; - Restami vicino</subfield>
    <subfield code="9">18088</subfield>
  </datafield>
  <datafield tag="700" ind1=" " ind2=" ">
    <subfield code="a">Pelleus </subfield>
    <subfield code="g">Codice autore musica SPICS: 24144</subfield>
    <subfield code="e">Autore musica</subfield>
    <subfield code="p">L'ultima foglia - Fiori di campo - Luci sul lago</subfield>
    <subfield code="9">18089</subfield>
  </datafield>
  <datafield tag="700" ind1=" " ind2=" ">
    <subfield code="a">Ruthuard</subfield>
    <subfield code="g">Codice autore musica SPICS: 11133</subfield>
    <subfield code="e">Autore musica</subfield>
    <subfield code="p">L'ultima foglia - Plin plun plan - Perch&#xE9; ho lasciato l'altra - Ho tanto freddo</subfield>
    <subfield code="9">18090</subfield>
  </datafield>
  <datafield tag="700" ind1=" " ind2=" ">
    <subfield code="a">Leone</subfield>
    <subfield code="g">Codice autore testo/musica SPICS: 28287</subfield>
    <subfield code="e">Autore testo/musica</subfield>
    <subfield code="p">L'ultima foglia</subfield>
    <subfield code="9">18091</subfield>
  </datafield>
  <datafield tag="700" ind1=" " ind2=" ">
    <subfield code="a">Damele</subfield>
    <subfield code="g">Codice autore musica SPICS: 24141</subfield>
    <subfield code="e">Autore musica</subfield>
    <subfield code="p">Solo lei</subfield>
    <subfield code="9">18092</subfield>
  </datafield>
  <datafield tag="700" ind1=" " ind2=" ">
    <subfield code="a">Gambina</subfield>
    <subfield code="g">Codice autore testo/musica SPICS: 24166</subfield>
    <subfield code="e">Autore testo/musica</subfield>
    <subfield code="p">Solo lei</subfield>
    <subfield code="9">18093</subfield>
  </datafield>
  <datafield tag="700" ind1=" " ind2=" ">
    <subfield code="a">Surace D.</subfield>
    <subfield code="g">Codice autore musica SPICS: 22538</subfield>
    <subfield code="e">Autore musica</subfield>
    <subfield code="p">Plin plun plan</subfield>
    <subfield code="9">18094</subfield>
  </datafield>
  <datafield tag="700" ind1=" " ind2=" ">
    <subfield code="a">Data</subfield>
    <subfield code="g">Codice autore testo/musica SPICS: 28288</subfield>
    <subfield code="e">Autore testo/musica</subfield>
    <subfield code="p">Plin plun plan</subfield>
    <subfield code="9">18095</subfield>
  </datafield>
  <datafield tag="700" ind1=" " ind2=" ">
    <subfield code="a">Donanin</subfield>
    <subfield code="g">Codice autore musica SPICS: 28289</subfield>
    <subfield code="e">Autore musica</subfield>
    <subfield code="p">Allegro motivetto</subfield>
    <subfield code="9">18096</subfield>
  </datafield>
  <datafield tag="700" ind1=" " ind2=" ">
    <subfield code="a">Galigani Alfio</subfield>
    <subfield code="g">Codice autore SPICS: 28290</subfield>
    <subfield code="e">Autore</subfield>
    <subfield code="p">Perch&#xE9; ho lasciato l'altra</subfield>
    <subfield code="9">18097</subfield>
  </datafield>
  <datafield tag="700" ind1=" " ind2=" ">
    <subfield code="a">Samperi</subfield>
    <subfield code="g">Codice autore testo/musica SPICS: 28291</subfield>
    <subfield code="e">Autore testo/musica</subfield>
    <subfield code="p">Perch&#xE9; ho lasciato l'altra</subfield>
    <subfield code="9">18098</subfield>
  </datafield>
  <datafield tag="700" ind1=" " ind2=" ">
    <subfield code="a">Lanzione</subfield>
    <subfield code="g">Codice autore SPICS: 24613</subfield>
    <subfield code="e">Autore</subfield>
    <subfield code="p">Capita sempre cos&#xEC;</subfield>
    <subfield code="9">18099</subfield>
  </datafield>
  <datafield tag="700" ind1=" " ind2=" ">
    <subfield code="a">Leman</subfield>
    <subfield code="g">Codice autore musica SPICS: 24147</subfield>
    <subfield code="e">Autore musica</subfield>
    <subfield code="p">No tengo nada</subfield>
    <subfield code="9">18100</subfield>
  </datafield>
  <datafield tag="700" ind1=" " ind2=" ">
    <subfield code="a">Atrabile</subfield>
    <subfield code="g">Codice autore SPICS: 28292</subfield>
    <subfield code="e">Autore</subfield>
    <subfield code="p">Ho tanto freddo</subfield>
    <subfield code="9">18101</subfield>
  </datafield>
  <datafield tag="942" ind1=" " ind2=" ">
    <subfield code="c">MD</subfield>
    <subfield code="2">ddc</subfield>
  </datafield>
  <datafield tag="952" ind1=" " ind2=" ">
    <subfield code="0">0</subfield>
    <subfield code="1">0</subfield>
    <subfield code="4">0</subfield>
    <subfield code="6">27447_000000000000000</subfield>
    <subfield code="7">1</subfield>
    <subfield code="a">SPICS</subfield>
    <subfield code="b">SPICS</subfield>
    <subfield code="d">2013-10-25</subfield>
    <subfield code="l">0</subfield>
    <subfield code="o">27447</subfield>
    <subfield code="r">2013-10-25 00:00:00</subfield>
    <subfield code="w">2013-10-25</subfield>
    <subfield code="y">MD</subfield>
    <subfield code="z">Progr. Ins.: 7004 / N.Vol.: 1 / Copie: 1 - Copia rara: n.d. / date import: 01.01.2014 - By Epidotti, Trombetti, Vaglietti</subfield>
  </datafield>
</record>
